000 00289nam a22001337a 4500
008 210303b ||||| |||| 00| 0 eng d
041 _aeng
080 _a615
082 _a615
100 _a5
101 _aFAR
245 _aMedical School Pharmacology
_cRosenfeld, G
942 _2udc
_cBK
999 _c55583
_d55583